| 000 | 00817nam a2200253 a 4500 | ||
|---|---|---|---|
| 001 | BRCA_447 | ||
| 005 | 20190320203020.0 | ||
| 008 | 050905s1988----sp-a---###---#000-0#spa-# | ||
| 020 | _a8420670731 | ||
| 041 | _aspa | ||
| 050 | 4 |
_aN6447 _b.S33 1988 |
|
| 100 | 1 |
_aSchapiro, Meyer _d1904- _91531 |
|
| 245 | 1 | 0 |
_aEl arte moderno _cMeyer Schapiro ; versión española de Aurelio Martínez Benito y María Luisa Balseiro. |
| 260 |
_aMadrid _bAlianza _c1988 |
||
| 300 |
_a208 p. _bil. (algunas a color) _c24 cm. |
||
| 440 | 0 |
_aAlianza forma _v73 _91443 |
|
| 500 | _aTraducción de: Modern Art | ||
| 500 | _aIncluye índice | ||
| 650 | 1 | 4 |
_aArte moderno _ySiglo XIX-XX _91532 |
| 650 | 1 | 4 |
_aPintura _ySiglo XIX-XX _91533 |
| 700 | 1 |
_aMartínez Benito, Aurelio _91534 |
|
| 700 | 1 |
_aBalseiro, María Luisa _91445 |
|
| 942 |
_2lcc _cB |
||
| 999 |
_c382 _d382 |
||